<?xml version="1.0" encoding="UTF-8"?>
<collection xmlns:xsi="http://www.w3.org/2001/XMLSchema-instance" xsi:schemaLocation="http://www.loc.gov/MARC21/slim http://www.loc.gov/standards/marcxml/schema/MARC21slim.xsd" xmlns="http://www.loc.gov/MARC21/slim">
 <record>
  <leader>00000cam a22000004i 4500</leader>
  <controlfield tag="001">UP-1685594773861450358</controlfield>
  <controlfield tag="003">Buklod</controlfield>
  <controlfield tag="005">20070906152516.0</controlfield>
  <controlfield tag="006">i|||||||||||||| | </controlfield>
  <controlfield tag="007">ta</controlfield>
  <controlfield tag="008">151203s1995    mauab   rb   |||1 u|eng d</controlfield>
  <datafield tag="020" ind1=" " ind2=" ">
   <subfield code="a">0312122543</subfield>
  </datafield>
  <datafield tag="035" ind1=" " ind2=" ">
   <subfield code="a">(iLib)UPBAG-00000027474</subfield>
  </datafield>
  <datafield tag="040" ind1=" " ind2=" ">
   <subfield code="a">DLC</subfield>
   <subfield code="d">BAG</subfield>
   <subfield code="e">rda</subfield>
  </datafield>
  <datafield tag="041" ind1="0" ind2=" ">
   <subfield code="a">eng</subfield>
  </datafield>
  <datafield tag="090" ind1=" " ind2="0">
   <subfield code="a">E 99 C5</subfield>
   <subfield code="b">C43</subfield>
  </datafield>
  <datafield tag="245" ind1="0" ind2="4">
   <subfield code="a">The Cherokee removal</subfield>
   <subfield code="b">a brief history with documents</subfield>
   <subfield code="c">edited with an introduction by Theda Perdue, Michael D. Green.</subfield>
  </datafield>
  <datafield tag="264" ind1=" " ind2="1">
   <subfield code="a">Boston, MA</subfield>
   <subfield code="b">Bedford Books/St. Martin's Press</subfield>
   <subfield code="c">©1995.</subfield>
  </datafield>
  <datafield tag="300" ind1=" " ind2=" ">
   <subfield code="a">xiii, 185 pages</subfield>
   <subfield code="b">illustrations, maps</subfield>
   <subfield code="c">21 cm</subfield>
  </datafield>
  <datafield tag="490" ind1="1" ind2=" ">
   <subfield code="a">The Bedford series in history and culture</subfield>
  </datafield>
  <datafield tag="504" ind1=" " ind2=" ">
   <subfield code="a">Includes bibliographical references and index.</subfield>
  </datafield>
  <datafield tag="505" ind1="0" ind2=" ">
   <subfield code="a">Introduction: The Cherokees and U.S. Indian policy -- Cherokee &quot;civilization&quot;. Becoming &quot;civilized&quot; ; A Cherokee view of &quot;civilization&quot; ; Christian missions ; Quantifying Cherokee &quot;civilization&quot; -- Georgia policy. The Georgia laws ; Georgia and the Supreme court ; Dispossessing the Cherokees ; White intruders -- United States policy. In defense of the Cherokees: the &quot;William Penn&quot; essays ; Lewis Cass justifies removal ; Congress acts ; Andrew Jackson applauds the Removal Act -- The Cherokee debate. Women and removal ; Elias Boudinot's editorials in the Cherokee Phoenix ; The Treaty of New Echota ; The opposition continues ; The treaty party's defense -- The trail of tears. Enrollment ; Forced removal ; Removal through a child's eyes ; Rebuilding the Cherokee Nation -- Appendix. Chronology of the Cherokee removal.</subfield>
  </datafield>
  <datafield tag="650" ind1=" " ind2="0">
   <subfield code="a">Trail of Tears, 1838-1839.</subfield>
  </datafield>
  <datafield tag="650" ind1=" " ind2="0">
   <subfield code="a">Cherokee Indians</subfield>
   <subfield code="x">History</subfield>
   <subfield code="x">Sources.</subfield>
  </datafield>
  <datafield tag="650" ind1=" " ind2="0">
   <subfield code="a">Cherokee Indians</subfield>
   <subfield code="x">Government relations.</subfield>
  </datafield>
  <datafield tag="700" ind1="1" ind2=" ">
   <subfield code="a">Perdue, Theda</subfield>
   <subfield code="d">1949-</subfield>
   <subfield code="e">editor.</subfield>
  </datafield>
  <datafield tag="700" ind1="1" ind2=" ">
   <subfield code="a">Green, Michael D.</subfield>
   <subfield code="d">1941-</subfield>
   <subfield code="e">editor.</subfield>
  </datafield>
  <datafield tag="830" ind1=" " ind2="0">
   <subfield code="a">Bedford series in history and culture.</subfield>
  </datafield>
  <datafield tag="905" ind1=" " ind2=" ">
   <subfield code="a">FO</subfield>
  </datafield>
  <datafield tag="852" ind1="0" ind2=" ">
   <subfield code="a">UPBAG</subfield>
   <subfield code="b">UPBAG-MAIN</subfield>
   <subfield code="h">E 99 C5 C43</subfield>
  </datafield>
  <datafield tag="942" ind1=" " ind2=" ">
   <subfield code="a">Book</subfield>
  </datafield>
 </record>
</collection>
